000 00375 a2200157 4500
001 176641
020 _a
040 _cMagnum
100 _aCotrim, Gilberto
240 1 0 _aHistoria e consciencia do brasil/2 grau
_lpor
245 1 0 _aHistoria e consciencia do brasil/2 grau
362 0 _a1899
440 1 _aSaraiva
697 _aMAGNITO: HISTORIA DO BRASIL
942 _cBK
999 _c176641
_d176641